000 00337nam a22001457a 4500
008 211013b ||||| |||| 00| 0 eng d
020 _a9780765702999
041 _aeng
080 _a159.9
082 _a159.9
100 _a48
101 _aPSI
245 _aMore 101 Favorite Play Therapy Techniques
_cKaduson,H.G
942 _2udc
_cBK
999 _c58213
_d58213